Wybrane przestrzenne aspekty restrukturyzacji gospodarki Polski
| Titel: | Wybrane przestrzenne aspekty restrukturyzacji gospodarki Polski |
|---|---|
| Verfasser: | |
| Beteiligt: | |
| In: |
Przegla̜d geograficzny, Band 62, Heft 3-4 (1990), Seite 275-288 alle Artikel anzeigen |
| Veröffentlicht: | 1990 (1991) |
| Format: | Aufsatz |
| Sprache: | Polnisch |
X
alg: 39465929 001A $01999:12-11-16 001B $01999:01-06-17 $t17:58:43.000 001C $06050:19-11-16 $t08:53:25.000 001D $01999:12-11-16 001U $0utf8 001X $00 002@ $0Aox 003@ $0394659295 007A $0394659295 $aHEB 007T $0Herdww015704 010@ $apol 011@ $a1990 $n1990 (1991) 021A $aWybrane przestrzenne aspekty restrukturyzacji gospodarki Polski 027A $aSelected spatial aspects of restructuration of Polish economy 028A $aCiechocińska $dMaria 028B/01 $aSzlachta $dJacek 031A $d62 $e3-4 $h275-288 $j1990 039B $aIn $8--Abvc--. Przegla̜d geograficzny. - Warszawa : Państwowe Wydawn. Naukowe, 1918-. - ISSN 0033-2143 $x199000000620003725 $9047308648 045T $a14 046B $aParallelt.: Selected spatial aspects of restructuration of Polish economy lok: 39465929 78 exp: 39465929 78 1 #EPN 201B/01 $018-09-18 $t22:51:18.000 201U/01 $0utf8 203@/01 $0790769786 208@/01 $a12-11-16 $be 209A/01 $a/ $f000 $x00 220C/01 $aTitelaufnehmer: GP 220C/01 $aHerkunft: IH UWr 244Z/01 $2Trx $#Poola $#Lenkija $#Polija $#Polen Land $#Poland $#Lengyelország $#Poľsko $#Polsko $8--Trx--Polska$gkraj $x01 $9391345966 244Z/01 $2Trx $#Silesia $#Śląsk $#Sliezsko $#Slezsko $8--Trx--Schlesien $x02 $9391173987 244Z/01 $#Oberschlesien $#Górny Śla̜sk $#Horní Slezsko $74042978-7 $8--Tg1--Oberschlesien $x03 $9085119679 244Z/01 $#Lehnice $#Liegnitz $71050857-0 $8--Tg1--Legnica $x04 $904218052X 244Z/01 $#Glogau $#Gross-Glogau $#Glogau $#Glogovia $#Glogovia major $#Gloavia $#Glogua $#Gmina Głogów $72124827-8 $8--Tg1--Głogów $x05 $9043692192 244Z/01 $aGeschichte 1970-1990 $x06 244Z/01 $2Trx $#majandus üldine $#ūkis bendras $#general economics $#gazdaság általános $#gospodarka ogólnie $#hospodárstvo všeobecne $#hospodářství všeobecně $8--Trx--Wirtschaft$gallgemein $x07 $9391362542 244Z/01 $2Trx $8--Trx--Zeitschriftenaufsatz $x08 $9391384341 247C/01 $82080>Marburg/Lahn, Herder-Institut, Forschungsbibliothek, Bibliographieportal $9336309341
| LEADER | 00000caa a22000002c 4500 | ||
|---|---|---|---|
| 001 | 394659295 | ||
| 003 | DE-603 | ||
| 005 | 20170601175843.0 | ||
| 007 | tu | ||
| 008 | 161112s1990 xx |||| | u00||u|pol c | ||
| 035 | |a (DE-599)HEB394659295 | ||
| 040 | |a DE-603 |b ger |c DE-603 |d DE-603 | ||
| 041 | |a pol | ||
| 084 | |a 14 |2 ssgn | ||
| 100 | 1 | |a Ciechocińska, Maria | |
| 245 | 0 | 0 | |a Wybrane przestrzenne aspekty restrukturyzacji gospodarki Polski |
| 246 | 0 | 1 | |i Parallelt. |a Selected spatial aspects of restructuration of Polish economy |
| 246 | 1 | 3 | |a Selected spatial aspects of restructuration of Polish economy |
| 264 | 0 | |c 1990 (1991) | |
| 700 | 1 | |a Szlachta, Jacek | |
| 773 | 0 | 8 | |i In |t Przegla̜d geograficzny |d Warszawa : Państwowe Wydawn. Naukowe, 1918- |x 0033-2143 |g Band 62, Heft 3-4 (1990), Seite 275-288 |w (DE-603)047308648 |w (DE-600)209415-0 |
| 924 | 0 | |9 2080 |a (DE-603)790769786 |b DE-2080 |c HES |d d |g / | |


